=LDR 00000nam 2200000 4500 =001 INLIS000000000024648 =005 20130612123224 =008 ***********************************Ind** =035 ##$$0010-061300000024648 =041 ##$$a Ind =082 ##$$a 632.3 =090 ##$$a 632.3, Sin d =100 ##$$a Sinaga, Maity Suradji =245 ##$$a Dasar-dasar ilmu penyakit tumbuhan, Ir. Meity Suradji Sinaga =260 ##$$a 2003 $b Jakarta =300 ##$$a ix, 152 hlm, ilus, 21 cm =650 ##$$a Tanaman-Penyakit =850 ##$$a NBPNMAT